अध्यापक शिक्षा / (Record no. 19260)
[ view plain ]
| 000 -LEADER | |
|---|---|
| fixed length control field | 01237nam a22002537a 4500 |
| 005 - DATE AND TIME OF LATEST TRANSACTION | |
| control field | 20081117123210.0 |
| 008 - FIXED-LENGTH DATA ELEMENTS--GENERAL INFORMATION | |
| fixed length control field | 081117t xxu||||| |||| 00| 0 hin d |
| 010 ## - LCCN (DPL NO) | |
| LC control number | HIN-85285 |
| 020 ## - INTERNATIONAL STANDARD BOOK NUMBER | |
| Terms of availability | 595.00 |
| International Standard Book Number | 9788131304655 |
| 035 ## - SYSTEM CONTROL NUMBER | |
| System control number | HN-57631 |
| 037 ## - SOURCE OF ACQUISITION | |
| Source of stock number/acquisition | DBAD / PUB |
| 040 ## - CATALOGING SOURCE | |
| Original cataloging agency | DPL |
| Language of cataloging | HN |
| 082 ## - DEWEY DECIMAL CLASSIFICATION NUMBER | |
| Classification number | 370.7111 |
| 100 ## - MAIN ENTRY--PERSONAL NAME | |
| Personal name | शिरीष पाल सिंह |
| 245 ## - TITLE STATEMENT | |
| Title | अध्यापक शिक्षा / |
| Remainder of title | शिरीष पाल सिंह |
| 246 ## - VARYING FORM OF TITLE | |
| Remainder of title | by Shirish Pal Singh |
| Title proper/short title | Adhayaapaka shikashaa |
| 260 ## - PUBLICATION, DISTRIBUTION, ETC. (IMPRINT) | |
| Place of publication, distribution, etc | नई दिल्ली |
| Name of publisher, distributor, etc | ए.पी.एच.पब्लिशिंग कार्पोरेशन |
| Date of publication, distribution, etc | 2009 |
| 270 ## - ADDRESS | |
| Address | 4435-36/7, अंसारी रोड, दरियागंज |
| City | नई दिल्ली |
| Postal code | 110002 |
| Telephone number | 011-23274050, 23285807 |
| Electronic mail address | aphbooks@vsnl.net |
| 300 ## - PHYSICAL DESCRIPTION | |
| Extent | 222 पृ |
| Dimensions | 22सेमी (सजिल्द) |
| 650 ## - SUBJECT ADDED ENTRY--TOPICAL TERM | |
| Topical term or geographic name as entry element | अध्यापक |
| General subdivision | प्रशिक्षण |
| 650 ## - SUBJECT ADDED ENTRY--TOPICAL TERM | |
| Topical term or geographic name as entry element | Teachers |
| General subdivision | training of |
| 942 ## - ADDED ENTRY ELEMENTS (KOHA) | |
| Source of classification or shelving scheme | Dewey Decimal Classification |
| Item type | Hindi Books |
| Call number suffix | शिरीष |
| Classification part | 370.7111 |
| Withdrawn status | Lost status | Source of classification or shelving scheme | Damaged status | Not for loan | Home library | Current library | Date acquired | Cost, normal purchase price | Total Checkouts | Full call number | Barcode | Date last seen | Copy number | Cost, replacement price | Koha item type |
|---|---|---|---|---|---|---|---|---|---|---|---|---|---|---|---|
| Dewey Decimal Classification | Not For Loan | D.B.Act.Division | D.B.Act.Division | 27/11/2008 | 595.00 | 370.711 शिरीष | HN-57631 | 27/11/2008 | 1 | 595.00 | Hindi Books |
